40 rokov jadrových elektrární na Slovensku
Guardado en:
| Formato: | Libro |
|---|---|
| Lenguaje: | eslovaco |
| Publicado: |
Budmerice :
Rak Budmerice,
1997
|
| Edición: | 1. vydanie |
| Etiquetas: |
Sin Etiquetas, Sea el primero en etiquetar este registro!
|
MARC
| LEADER | 00000nam a22000003a 4500 | ||
|---|---|---|---|
| 001 | 0110908 | ||
| 003 | SK-STU | ||
| 005 | 20240815111713.6 | ||
| 007 | ta | ||
| 008 | 240815s ----xo-----e------000-0-----d | ||
| 020 | |a 80-85501-12-0 | ||
| 040 | |a STU |b slo | ||
| 041 | 0 | |a slo | |
| 044 | |a xo | ||
| 080 | |a 621.31 | ||
| 245 | 1 | 0 | |a 40 rokov jadrových elektrární na Slovensku |
| 250 | |a 1. vydanie | ||
| 260 | |a Budmerice : |b Rak Budmerice, |c 1997 | ||
| 300 | |a 173 s. | ||
| 996 | |b 284EK90753 |c E*90753 |l EE0101 |s P |a 0 |w 0110908_0001 | ||
| 996 | |b 284EK90754 |c E* 90754 |l EE01 |s A |a 24 |w 0110908_0002 | ||